| 000 | 00565nam a22001697a 4500 | ||
|---|---|---|---|
| 003 | gtgcuscq | ||
| 005 | 20250718170638.0 | ||
| 007 | ta | ||
| 008 | 250718b |||||||| |||| 00| 0 sp d | ||
| 040 |
_agtgcuscq _bspa _cgtgcuscq _dgtgcuscq _eRDA |
||
| 082 | _aS.G. 338.1 C355 | ||
| 100 | 1 | 0 |
_aCastro Pérez, Miguel Angel . . . [et - al]. _914102 |
| 245 | 1 | 0 |
_aGlobalización: Impacto en la agricultura, industria y empleo . / _cMiguel Angel Castro Pérez. . . [et - al] _hlibro |
| 260 |
_aGuatemala: _bUSAC- IIES _cc2001. |
||
| 300 |
_a140 p.; _c21 cm.; |
||
| 942 |
_2ddc _cBK _n0 |
||
| 999 |
_c5881 _d5881 |
||